Devil's prize #3 / Kat Martin.
Available copies
- 2 of 2 copies available at LARL/NWRL Consortium.
- 1 of 1 copy available at Lake Agassiz Regional Library. (Show preferred library)
Current holds
0 current holds with 2 total copies.
Show Only Available Copies
| Location | Call Number / Copy Notes | Barcode | Shelving Location | Status | Due Date |
|---|---|---|---|---|---|
| Crookston Public Library | MAR (Text) | 33500011960721 | Main | Available | - |
| Godel Memorial-Warren Library | pb (Text) | 35500005362635 | Main | Available | - |
Record details
- ISBN: 9781250041401 (pbk.)
- ISBN: 1250041406 (pbk.)
- Physical Description: 388 pages ; 18 cm.
- Edition: St. Martin's Paperbacks edition.
- Publisher: New York, NY : St. Martin's Paperbacks, [2014]
Content descriptions
| General Note: | Reprint of title originally published in paperback in 1995 by St. Martin's Paperbacks. |
| Summary, etc.: | Damien, Earl of Falon, meets Alexa at the whist ... Read More Damien, Lord Falon, made his ruthless proposal to ... Read More |
Search for related items by subject
| Genre: | Love stories. Historical fiction. Fiction. History. |
Search for related items by series
| LDR | 03122cam a2200565Ii 4500 | ||
|---|---|---|---|
| 001 | 162967 | ||
| 003 | LARL_NWRL_CONSORTIUM | ||
| 005 | 20150112121115.0 | ||
| 008 | 140110r20141995nyu 000 f eng d | ||
| 015 | . | ‡aGBB405845 ‡2bnb | |
| 016 | 7 | . | ‡a016603480 ‡2Uk |
| 020 | . | ‡a9781250041401 (pbk.) | |
| 020 | . | ‡a1250041406 (pbk.) | |
| 035 | . | ‡a(OCoLC)868379003 | |
| 040 | . | ‡aUKMGB ‡beng ‡erda ‡cUKMGB ‡dPX0 ‡dUPZ ‡dOCLCO | |
| 043 | . | ‡ae-uk-en ‡ae-fr--- | |
| 050 | 4. | ‡aPS3563.A7245 ‡bD48 2014 | |
| 082 | 0 | 4. | ‡a813/.54 ‡223 |
| 100 | 1 | . | ‡aMartin, Kat, ‡eauthor. ‡0(LARL_NWRL_CONSORTIUM)139333 |
| 245 | 1 | 0. | ‡aDevil's prize ‡n#3 / ‡cKat Martin. |
| 250 | . | ‡aSt. Martin's Paperbacks edition. | |
| 260 | . | ‡aNew York, NY : ‡bSt. Martin's Paperbacks, ‡c[2014] | |
| 260 | . | ‡c©1995. | |
| 300 | . | ‡a388 pages ; ‡c18 cm. | |
| 336 | . | ‡atext ‡btxt ‡2rdacontent | |
| 337 | . | ‡aunmediated ‡bn ‡2rdamedia | |
| 338 | . | ‡avolume ‡bnc ‡2rdacarrier | |
| 490 | 0 | . | ‡aGarrick; ‡v3 |
| 500 | . | ‡aReprint of title originally published in paperback in 1995 by St. Martin's Paperbacks. | |
| 520 | . | ‡aDamien, Earl of Falon, meets Alexa at the whist table, determined to make her suffer for refusing his brother's proposal and causing his subsequent suicide. | |
| 520 | . | ‡aDamien, Lord Falon, made his ruthless proposal to Alexa Garrick at a gaming table where he'd cheated the exquisite young heiress out of a fortune--one night with him would discharge her debt. Yet, as claimed his prize, the handsome earl fought a craving for more than Alexa's body.and when a twist of fate turned seduction into matrimony, rapture and rage warred within him. How could he love the woman whose flirtation had destroyed his brother? Alexa knew of Damien's French blood, scandalous liaisons, and the whispers that branded his a smuggler. Though she was playing with fire, the dark, devilish earl's hungry embrace plucked at her heartstrings with a haunting song of desire. But was Damien spinning a web of deceit and treason, as he brought her to his surfswept castle? | |
| 651 | 0. | ‡aLondon (England) ‡xSocial life and customs ‡y19th century ‡vFiction. ‡0(LARL_NWRL_CONSORTIUM)168662 | |
| 651 | 0. | ‡aLondon (England) ‡xHistory ‡y1800-1950 ‡vFiction. | |
| 651 | 0. | ‡aParis (France) ‡xSocial life and customs ‡y19th century ‡vFiction. | |
| 651 | 0. | ‡aParis (France) ‡xHistory ‡y1799-1815 ‡vFiction. | |
| 650 | 7. | ‡2fast ‡aManners and customs ‡0(LARL_NWRL_CONSORTIUM)25043 | |
| 651 | 7. | ‡aEngland ‡zLondon. ‡2fast | |
| 651 | 7. | ‡aFrance ‡zParis. ‡2fast | |
| 648 | 7. | ‡a1799 - 1950 ‡2fast | |
| 655 | 7. | ‡aLove stories. ‡2gsafd | |
| 655 | 7. | ‡aHistorical fiction. ‡2gsafd | |
| 655 | 7. | ‡aFiction. ‡2fast | |
| 655 | 7. | ‡aHistory. ‡2fast | |
| 948 | . | ‡hNO HOLDINGS IN LAL - 114 OTHER HOLDINGS | |
| 994 | . | ‡aZ0 ‡bLAL | |
| 901 | . | ‡a162967 ‡bOCLC ‡c162967 ‡tbiblio | |

Add to basket
Permalink
Disable Highlighting